Principy političeskoj ekonomii 1
Salvato in:
| Autore principale: | |
|---|---|
| Natura: | Libro |
| Lingua: | russo |
| Pubblicazione: |
Moskva
Progress
1983
|
| Serie: | Ekonomičeskaja mysl' Zapada
|
| Tags: |
Nessun Tag, puoi essere il primo ad aggiungerne!!
|
MARC
| LEADER | 00000nam a2200000 4500 | ||
|---|---|---|---|
| 001 | c113315 | ||
| 005 | 20240911105548.0 | ||
| 041 | 0 | |a rus | |
| 044 | |a RU | ||
| 245 | 1 | 0 | |a Principy političeskoj ekonomii 1 |c Alfred Marshall ; [Perevod s anglijskogo R.I. Stolpera] |
| 264 | 1 | |a Moskva |b Progress |c 1983 | |
| 300 | |a 414 s. | ||
| 490 | 1 | |a Ekonomičeskaja mysl' Zapada | |
| 830 | 0 | |a Ekonomičeskaja mysl' Zapada | |
| 100 | 1 | |a Marshall, Alfred | |